000 nam a22 7a 4500
999 _c329251
_d329251
003 Nust
005 20170502110353.0
008 170502b xxu||||| |||| 00| 0 eng d
040 _cDLC
082 _a891.4393 UMA
100 _aعمیرہ احمد
245 _aمن و سلوی
260 _aLahore :
_bIlam o Irfan Publisher,
300 _a784p. :
942 _2ddc
_cBK